ARRUPE JESUIT UNIVERSITY

CORONAVIRUS -STOP THE SPREAD - CLEAN,DISINFECT,COVER

Rorke's drift (Record no. 118602)

MARC details
000 -LEADER
fixed length control field 00432nam a22001457a 4500
008 - FIXED-LENGTH DATA ELEMENTS--GENERAL INFORMATION
fixed length control field 131119b xxu||||| |||| 00| 0 eng d
020 ## - INTERNATIONAL STANDARD BOOK NUMBER
International Standard Book Number 0850521823
050 ## - LIBRARY OF CONGRESS CALL NUMBER
Classification number SPC DT1879.R68G58 1975
100 ## - MAIN ENTRY--PERSONAL NAME
Personal name Glover, Michael
9 (RLIN) 3563
245 ## - TITLE STATEMENT
Title Rorke's drift
Remainder of title A Victorian epic
260 ## - PUBLICATION, DISTRIBUTION, ETC. (IMPRINT)
Place of publication, distribution, etc London
Name of publisher, distributor, etc Leo Cooper
Date of publication, distribution, etc 1975
300 ## - PHYSICAL DESCRIPTION
Extent xi; 145p.
Dimensions 22cm
650 ## - SUBJECT ADDED ENTRY--TOPICAL TERM
Topical term or geographic name as entry element South Africa 1879
9 (RLIN) 3564
General subdivision Rorke's Drift, Battle of
942 ## - ADDED ENTRY ELEMENTS (KOHA)
Source of classification or shelving scheme Library of Congress Classification
Item type Monograph ( Printed materials)
Holdings
Withdrawn status Lost status Source of classification or shelving scheme Damaged status Not for loan Home library Current library Date acquired Total Checkouts Full call number Barcode Date last seen Price effective from Koha item type
    Library of Congress Classification     ARRUPE LIBRARY ARRUPE LIBRARY 19/11/2013   SPC DT1879.R68G58 1975 464122787 19/11/2013 19/11/2013 Monograph ( Printed materials)

 

Arrupe Library. PO Box MP320 Mt Pleasant, Harare, Zimbabwe
263 242 745411|librarian@aju.ac.zw